000 01230nam a22002897a 4500
003 NALT
005 20251125232939.0
008 s2535 th tha d
040 _aNALT
041 _atha
050 _aJQ1746
_bย152อ 2535
245 1 0 _aอำนาจ บุคลิกภาพ และผู้นำการเมืองไทย
250 _aพิมพ์ครั้งที่ 2
260 3 _aกรุงเทพฯ :
_bน้ำไทย,
_c2535
300 _a248 หน้า :
_bภาพประกอบ ;
_c 21 ซม.
650 0 4 _aเสนีย์ ปราโมท, ม.ร.ว., 2448--
650 0 4 _aผู้นำการเมือง -- ไทย
650 0 4 _aบุญชู โรจนเสถียร, 2464--
650 0 4 _aนายกรัฐมนตรี -- ไทย
650 0 4 _aนักการเมือง -- ไทย
650 0 4 _aธานินทร์ กรัยวิเชียร, 2470
650 0 4 _aถนอม กิตติขจร, 2545--
850 _aNALT
856 4 0 _uhttps://hdl.handle.net/20.500.14156/336070
942 _cGB
_2lcc
999 _c40890
_d40890
998 _j109
_k อารีรัตน์ วิชาช่าง